Normal view
MARC view
- Cuentos mexicanos
Entry Materia
Number of records used in: 378
001 - NÚMERO DE CONTROL DEL REGISTRO
- campo de control: 6937
003 - IDENTIFICADOR DE NUMERO DE CONTROL
- campo de control: UPN
005 - FECHA Y HORA DE LA ÚLTIMA TRANSACCIÓN
- campo de control: 20230601093317.0
008 - DATOS DE LONGITUD FIJA
- campo de control de longitud fija: 220518nn acnnnaabn n a|a d
035 ## - NÚMERO DE CONTROL DEL SISTEMA
- Número de control del sistema: UPN10000006939
040 ## - FUENTE DE LA CATALOGACIÓN
- Lengua de catalogación: SPA
- Agencia de transcripción: UPN
- Centro catalogador de origen: UPN
046 ## - FECHAS CON CODIFICACIÓN ESPECIAL
- Fecha final para contenidos agregados: 2022
150 ## - ENCABEZAMIENTO - TEMÁTICO
- Término de materia o nombre geográfico como elemento inicial: Cuentos mexicanos
550 ## - VÉASE ADEMÁS - MATERIA
- Subcampo de control: g
- Encabezamiento temático o nombre geográfico como elemento de entrada: Novela mexicana
670 ## - FUENTE EN LA QUE SE LOCALIZARON DATOS
- Cita de la fuente: DGB UNAM, 9 noviembre 2022:
- Información localizada: (encabezamiento: Cuentos mexicanos)
902 ## - CATALOGADOR
- Catalogador: JMG/160796
